Biggest Cities in Punjab - Statistics

General Stats
  • This quiz has been taken 127 times
  • The average score is 5 of 10
Answer Stats
Population City % Correct
1,183,549 Amritsar
99%
1,618,879 Ludhiana
92%
874,412 Jalandhar
84%
446,246 Patiala
66%
285,788 Bathinda
50%
163,397 Moga
39%
168,653 Hoshiarpur
38%
160,509 Pathankot
35%
158,621 Batala
13%
176,170 Ajitgarh
0%
No matching quizzes found
Score Distribution
Percent of People with Each Score
Percentile by Number Answered
Your Score History
You have not taken this quiz